| 000 | 01207nam a22003137a 4500 | ||
|---|---|---|---|
| 999 |
_c29546 _d29517 |
||
| 003 | EG-ScBUE | ||
| 005 | 20211004144743.0 | ||
| 008 | 210930s2005 ku a f 000 0 ara d | ||
| 017 | _a2005/00078 | ||
| 020 | _a9990656304 | ||
| 040 |
_aEG-ScBUE _bara _erda _cEG-ScBUE _dEG-ScBUE |
||
| 043 | _aa-ku--- | ||
| 082 | 0 | 4 |
_a398.8095367 _bأ ي و _222 |
| 100 | 1 |
_aالأيوب، أيوب حسين، _d1932- _eمؤلف. |
|
| 245 | 1 | 0 |
_aألعابنا الشعبية الكويتية / _cتأليف أيوب حسين الأيوب. |
| 250 | _aالطبعة الثالثة. | ||
| 264 | 1 |
_aالكويت : _bمركز البحوث والدراسات الكويتية، _c2005. |
|
| 300 |
_a488 صفحة : _bإيضاحيات ؛ _c25 سم. |
||
| 336 |
_2rdacontent _aنص _btxt |
||
| 337 |
_2rdamedia _aبدون وسيط _bn |
||
| 338 |
_2rdacarrier _aمجلد _bnc |
||
| 490 | 0 |
_aمن تراثنا الشعبي الكويتي. _aمع الأطفال في الماضي |
|
| 541 | _cDonation. | ||
| 650 | 7 |
_aالألعاب الشعبية _zالكويت. _2BUEsh |
|
| 650 | 7 |
_aالترفيه _zالكويت. _2BUEsh |
|
| 653 | 7 |
_aBUEsh _bART _cSeptember2021 |
|
| 655 | 7 |
_2BUEsh _vReading book _934232 |
|
| 942 | _2ddc | ||